[Event "European Seniors Teams Ch."]
[Site "Olympus"]
[Date "2011.05.05"]
[Round "3"]
[Board "2"]
[White "Mariotti, Sergio"]
[Black "Ager, Josef"]
[Result "1/2-1/2"]
[WhiteElo "2329"]
[BlackElo "2188"]
[PlyCount "50"]
[EventDate "2011.05.03"]
[EventType "team"]
[EventRounds "9"]
[EventCountry "GRE"]
[WhiteTeam "Italy"]
[BlackTeam "Austria"]

1.c4 g6 2.Nc3 Bg7 3.g3 e6 4.Bg2 Ne7 5.d4 d5 6.cxd5 exd5 7.Nf3 O-O 8.O-O Nbc6
9.h3 Nf5 10.e3 Nce7 11.b3 c6 12.a4 a5 13.Ba3 Re8 14.Ne5 Nd6 15.Qd2 Nef5 16.Rfe1
Be6 17.Rac1 Bf8 18.Qc2 f6 19.Nd3 Bf7 20.Bb2 Bg7 21.Rcd1 Rc8 22.Qb1 b6 23.Ba3 g5
24.Bxd6 Nxd6 25.b4 axb4 1/2-1/2

[Event "European Seniors Teams Ch."]
[Site "Olympus"]
[Date "2011.05.05"]
[Round "3"]
[Board "4"]
[White "Rosino, Antonio"]
[Black "Woeber, Friedrich"]
[Result "1-0"]
[WhiteElo "2248"]
[BlackElo "2172"]
[PlyCount "63"]
[EventDate "2011.05.03"]
[EventType "team"]
[EventRounds "9"]
[EventCountry "GRE"]
[WhiteTeam "Italy"]
[BlackTeam "Austria"]

1.e4 c5 2.Nf3 e6 3.c3 d5 4.exd5 Qxd5 5.d4 Nf6 6.Na3 Nbd7 7.Nb5 Qc6 8.Bf4 Nd5
9.Bg3 a6 10.c4 axb5 11.cxd5 Qxd5 12.Bxb5 cxd4 13.a4 Bb4+ 14.Kf1 O-O 15.Qxd4
Qxb5+ 16.axb5 Rxa1+ 17.Ke2 Bc5 18.Rxa1 Bxd4 19.Nxd4 Nb6 20.Bc7 Nd5 21.b6 Bd7
22.Ra7 Bc8 23.Nb5 g5 24.Nd6 Bd7 25.Nxb7 Nf4+ 26.Bxf4 gxf4 27.Na5 Bb5+ 28.Ke1 Bd3
29.b7 Be4 30.f3 Bd5 31.b4 Rb8 32.b5 1-0

[Event "European Seniors Teams Ch."]
[Site "Olympus"]
[Date "2011.05.05"]
[Round "3"]
[Board "1"]
[White "Rodriguez Vargas, Orestes"]
[Black "Titz, Heimo"]
[Result "1-0"]
[WhiteElo "2405"]
[BlackElo "2183"]
[PlyCount "51"]
[EventDate "2011.05.03"]
[EventType "team"]
[EventRounds "9"]
[EventCountry "GRE"]
[WhiteTeam "Catalonia"]
[BlackTeam "Niederoesterreich"]

1.d4 Nf6 2.c4 e6 3.Nf3 b6 4.Bf4 Bb7 5.e3 Be7 6.Nc3 Nh5 7.Bg3 Nxg3 8.hxg3 Bf6
9.Bd3 g6 10.Qc2 Nc6 11.a3 Bg7 12.O-O-O Qe7 13.Kb1 O-O-O 14.Rc1 Kb8 15.Qa4 f5
16.c5 e5 17.Ba6 exd4 18.exd4 Bxa6 19.Qxa6 Bxd4 20.Rhe1 Qf7 21.Nb5 Bf6 22.cxb6
axb6 23.Red1 Qe6 24.Rxc6 Qxc6 25.Qa7+ Kc8 26.Rc1 1-0

[Event "European Seniors Teams Ch."]
[Site "Olympus"]
[Date "2011.05.05"]
[Round "3"]
[Board "2"]
[White "Winiwarter, Felix"]
[Black "Simon Padros, Emili"]
[Result "1/2-1/2"]
[WhiteElo "2167"]
[BlackElo "2281"]
[PlyCount "88"]
[EventDate "2011.05.03"]
[EventType "team"]
[EventRounds "9"]
[EventCountry "GRE"]
[WhiteTeam "Niederoesterreich"]
[BlackTeam "Catalonia"]

1.e4 e6 2.d4 d5 3.e5 c5 4.c3 Nc6 5.Nf3 Qb6 6.Bd3 Nh6 7.O-O cxd4 8.cxd4 Nf5 9.Be3
Be7 10.Nc3 Nxe3 11.fxe3 O-O 12.Qd2 Bd7 13.Rad1 f5 14.exf6 Rxf6 15.Bb1 Rd8 16.e4
Be8 17.exd5 exd5 18.Rfe1 Bh5 19.Qd3 Bg6 20.Qe2 Bxb1 21.Nxb1 Bd6 22.Nc3 Bf8
23.Rd2 h6 24.Qe3 Ne7 25.Qe5 Ng6 26.Qh5 Nf4 27.Qg4 Bb4 28.Ne5 Ne6 29.Nf3 Qd6
30.Re5 Nc7 31.Rde2 Rdf8 32.a3 Ba5 33.Re7 Rg6 34.Qh5 Bb6 35.Kh1 Bxd4 36.Re1 Bb6
37.R7e5 d4 38.Ne4 Qc6 39.Ned2 Re6 40.Rxe6 Nxe6 41.h3 Nf4 42.Qg4 Qg6 43.Qxg6 Nxg6
44.Nc4 Rd8 1/2-1/2

[Event "European Seniors Teams Ch."]
[Site "Olympus"]
[Date "2011.05.05"]
[Round "3"]
[Board "3"]
[White "Coll Enriquez, Lluis"]
[Black "Weinwurm, Wolfgang"]
[Result "0-1"]
[WhiteElo "2182"]
[BlackElo "2190"]
[PlyCount "91"]
[EventDate "2011.05.03"]
[EventType "team"]
[EventRounds "9"]
[EventCountry "GRE"]
[WhiteTeam "Catalonia"]
[BlackTeam "Niederoesterreich"]

1.e4 e5 2.d3 Nf6 3.Be2 d5 4.Nd2 Nc6 5.c3 a6 6.Ngf3 Bc5 7.O-O O-O 8.Qc2 Ba7 9.h3
h6 10.Re1 Be6 11.Nf1 Qd7 12.Be3 Bxe3 13.Nxe3 Rfe8 14.Rad1 Rad8 15.c4 d4 16.Nd5
Nh7 17.Qd2 f6 18.Nh2 f5 19.Bh5 Rf8 20.exf5 Bxd5 21.cxd5 Qxd5 22.Bf3 Qd6 23.g4
Rde8 24.Qc2 Kh8 25.a3 Nf6 26.Qc4 Nd7 27.Rc1 Rf6 28.Be4 Nb6 29.Qa2 Nd8 30.Nf3 c6
31.h4 Nd5 32.g5 Rff8 33.Qc4 Qd7 34.Qc5 Rxf5 35.Nxd4 Rf4 36.Ne2 Rxh4 37.Bxd5 cxd5
38.Ng3 Ne6 39.Qe3 Nxg5 40.d4 e4 41.Kf1 Rf8 42.Qc3 Rh2 43.Re2 Nh3 44.Rcc2 Nf4
45.Qc5 Qh3+ 46.Ke1 0-1

[Event "European Seniors Teams Ch."]
[Site "Olympus"]
[Date "2011.05.05"]
[Round "3"]
[Board "4"]
[White "Strobel, Ferdinand"]
[Black "Lluverol Torrents, Salvador"]
[Result "0-1"]
[WhiteElo "2128"]
[BlackElo "2025"]
[PlyCount "60"]
[EventDate "2011.05.03"]
[EventType "team"]
[EventRounds "9"]
[EventCountry "GRE"]
[WhiteTeam "Niederoesterreich"]
[BlackTeam "Catalonia"]

1.f4 d5 2.Nf3 Nf6 3.g3 c5 4.Bg2 g6 5.d3 Bg7 6.O-O Nc6 7.Nc3 O-O 8.e4 d4 9.Ne2
Ng4 10.h3 Ne3 11.Bxe3 dxe3 12.c3 Re8 13.Ne1 e5 14.Nc2 Qb6 15.b3 Rd8 16.Kh2 Qa6
17.Ne1 b5 18.Qc1 c4 19.Qxe3 cxb3 20.Qc1 bxa2 21.Qb2 Qb6 22.Qxa2 Be6 23.Qd2 f6
24.Rb1 Rab8 25.f5 Bf7 26.g4 g5 27.Ng3 a5 28.Nh5 b4 29.cxb4 axb4 30.h4 h6? 0-1

[Event "European Seniors Teams Ch."]
[Site "Olympus"]
[Date "2011.05.05"]
[Round "3"]
[Board "1"]
[White "Malmdin, Nils-Ake"]
[Black "Bachmann, Karlheinz"]
[Result "1-0"]
[WhiteElo "2278"]
[BlackElo "2282"]
[PlyCount "73"]
[EventDate "2011.05.03"]
[EventType "team"]
[EventRounds "9"]
[EventCountry "GRE"]
[WhiteTeam "Sweden 1"]
[BlackTeam "Sportfreunde, Katernberg"]

1.e4 c5 2.Nf3 e6 3.Nc3 a6 4.d4 cxd4 5.Nxd4 d6 6.Be3 Nf6 7.f4 Qc7 8.Qf3 Nc6 9.Bd3
Be7 10.O-O O-O 11.Kh1 Bd7 12.Rae1 Nb4 13.Be2 Rac8 14.a3 Nc6 15.Qg3 b5 16.Nxc6
Bxc6 17.Bd4 Qb7 18.Bd3 a5 19.e5 Nh5 20.Qh3 g6 21.Ne4 Bxe4 22.Bxe4 d5 23.Bd3 Bc5
24.Bxc5 Rxc5 25.g4 Ng7 26.Qg2 f5 27.exf6 Rxf6 28.f5 gxf5 29.gxf5 exf5 30.Bxf5
Qf7 31.Bd3 b4 32.axb4 axb4 33.Rxf6 Qxf6 34.Rf1 Qe7 35.Qf3 h5 36.Ra1 Qf8 37.Bh7+ 1-0

[Event "European Seniors Teams Ch."]
[Site "Olympus"]
[Date "2011.05.05"]
[Round "3"]
[Board "2"]
[White "Rosen, Willy"]
[Black "Petersson, Gosta"]
[Result "1-0"]
[WhiteElo "2285"]
[BlackElo "2113"]
[PlyCount "59"]
[EventDate "2011.05.03"]
[EventType "team"]
[EventRounds "9"]
[EventCountry "GRE"]
[WhiteTeam "Sportfreunde, Katernberg"]
[BlackTeam "Sweden 1"]

1.e4 e6 2.d4 d5 3.Nc3 Bb4 4.a3 Bxc3+ 5.bxc3 dxe4 6.Qg4 Nf6 7.Qxg7 Rg8 8.Qh6 Nbd7
9.Bb2 c5 10.a4 Qa5 11.Qd2 a6 12.Ne2 Nb6 13.Ng3 Bd7 14.dxc5 Qxc5 15.c4 e5 16.a5
Na4 17.Ba3 Qc6 18.Be2 O-O-O 19.O-O Nc5 20.Rab1 Be6 21.Qe3 Nfd7 22.f4 exf4
23.Rxf4 Qc7 24.Nxe4 Nxe4 25.Rxe4 Nb8 26.Bf3 Nc6 27.Bc5 Qxa5 28.Rxe6 fxe6
29.Qxe6+ Kc7 30.Rxb7+ 1-0

[Event "European Seniors Teams Ch."]
[Site "Olympus"]
[Date "2011.05.05"]
[Round "3"]
[Board "3"]
[White "Svensson, Soren"]
[Black "Nautsch, Werner"]
[Result "1-0"]
[WhiteElo "2109"]
[BlackElo "2243"]
[PlyCount "41"]
[EventDate "2011.05.03"]
[EventType "team"]
[EventRounds "9"]
[EventCountry "GRE"]
[WhiteTeam "Sweden 1"]
[BlackTeam "Sportfreunde, Katernberg"]

1.d4 d5 2.c4 c6 3.Nc3 Nf6 4.Nf3 e6 5.e3 Be7 6.Bd3 O-O 7.O-O dxc4 8.Bxc4 b5 9.Bd3
a6 10.e4 c5 11.e5 Nd5 12.Nxd5 Qxd5 13.Qc2 Bb7 14.dxc5 Qxc5 15.Bxh7+ Kh8 16.Be3
Qb4 17.Rad1 Bxf3 18.gxf3 g6 19.Rd4 Qc5 20.Bxg6 fxg6 21.Rh4+ 1-0

[Event "European Seniors Teams Ch."]
[Site "Olympus"]
[Date "2011.05.05"]
[Round "3"]
[Board "4"]
[White "Neese, Hans-Joachim"]
[Black "Sandklef, Ake"]
[Result "0-1"]
[WhiteElo "2234"]
[BlackElo "2017"]
[PlyCount "150"]
[EventDate "2011.05.03"]
[EventType "team"]
[EventRounds "9"]
[EventCountry "GRE"]
[WhiteTeam "Sportfreunde, Katernberg"]
[BlackTeam "Sweden 1"]

1.d4 d5 2.Nf3 Nf6 3.Bg5 Nbd7 4.e3 e6 5.Bd3 Bd6 6.O-O O-O 7.c4 c6 8.Nc3 Re8 9.e4
dxe4 10.Nxe4 Be7 11.Nc3 b6 12.Re1 Bb7 13.Bc2 Qc7 14.Qd2 Rad8 15.Rad1 a6 16.h3 b5
17.Qe2 bxc4 18.Qxc4 Nb6 19.Qd3 Nbd7 20.Qe2 c5 21.Be3 cxd4 22.Rxd4 Nb6 23.Red1
Rxd4 24.Bxd4 Nbd5 25.Nxd5 Bxd5 26.Bb1 Qb7 27.Ne1 Rc8 28.Qe3 Qc6 29.Qc3 Qb7
30.Qg3 Ne8 31.Qd3 g6 32.b3 Bb4 33.Qg3 Bd6 34.Qe3 Qc6 35.Bb2 Bf8 36.Rc1 Qb7
37.Rxc8 Qxc8 38.Qc3 Qxc3 39.Bxc3 Nc7 40.Bd3 Bc5 41.Nc2 Nb5 42.Be5 Bb7 43.a4 Na3
44.Ne3 Bb4 45.Kf1 Kf8 46.Ke2 Ke7 47.f4 f6 48.Bd4 Bd6 49.g3 e5 50.Bc3 e4 51.Bc4
Nxc4 52.Nxc4 f5 53.Ke3 Bc5+ 54.Bd4 Bb4 55.Ke2 Bd5 56.Bf2 Bxc4+ 57.bxc4 Kd6 58.g4
Kc6 59.gxf5 gxf5 60.Kd1 Bc5 61.Bh4 Bd6 62.Bg3 Kc5 63.Ke2 Kxc4 64.Ke3 Bc5+ 65.Kd2
Bd4 66.Kc2 Kb4 67.Bh4 Kxa4 68.Be7 Kb5 69.Bd6 a5 70.Kd2 a4 71.Kc2 Kc4 72.h4 Be3
73.Be5 a3 74.h5 a2 75.h6 Bd4 0-1

[Event "European Seniors Teams Ch."]
[Site "Olympus"]
[Date "2011.05.05"]
[Round "3"]
[Board "1"]
[White "Jones, Iolo C"]
[Black "Vucenovic, Dragomir"]
[Result "1/2-1/2"]
[WhiteElo "2287"]
[BlackElo "2249"]
[PlyCount "57"]
[EventDate "2011.05.03"]
[EventType "team"]
[EventRounds "9"]
[EventCountry "GRE"]
[WhiteTeam "Wales"]
[BlackTeam "Switzerland"]

1.d4 Nf6 2.Nf3 e6 3.g3 b6 4.Bg2 Bb7 5.O-O Be7 6.Nbd2 d6 7.c4 c5 8.b3 cxd4 9.Nxd4
Bxg2 10.Kxg2 O-O 11.e4 Qc8 12.Qe2 Nc6 13.Bb2 Re8 14.Rac1 Nxd4 15.Bxd4 Qb7 16.Kg1
Nd7 17.Rcd1 Rad8 18.Rfe1 Bf6 19.Nf3 Bxd4 20.Nxd4 a6 21.Nf3 Ne5 22.Rd2 Nxf3+
23.Qxf3 Rd7 24.Red1 Red8 25.Qe3 Qc6 26.Kg2 h6 27.f3 Kf8 28.Qd4 Qc5 29.Qxc5 1/2-1/2

[Event "European Seniors Teams Ch."]
[Site "Olympus"]
[Date "2011.05.05"]
[Round "3"]
[Board "2"]
[White "Bhend, Edwin"]
[Black "Miles, Richard"]
[Result "1/2-1/2"]
[WhiteElo "2257"]
[BlackElo "2068"]
[PlyCount "47"]
[EventDate "2011.05.03"]
[EventType "team"]
[EventRounds "9"]
[EventCountry "GRE"]
[WhiteTeam "Switzerland"]
[BlackTeam "Wales"]

1.e4 c5 2.Nf3 g6 3.Nc3 Bg7 4.a3 Nc6 5.Rb1 d6 6.b4 Nf6 7.Bc4 cxb4 8.axb4 Nxe4
9.Bxf7+ Kxf7 10.Nxe4 Rf8 11.b5 Ne5 12.Nxe5+ Bxe5 13.Bb2 Bxb2 14.Rxb2 Kg7 15.O-O
Bf5 16.Ng3 Qd7 17.Qe2 Rac8 18.c4 Rf7 19.Ra1 b6 20.Rba2 Rc7 21.h3 h5 22.Nf1 e5
23.d3 Be6 24.Ra4 1/2-1/2

[Event "European Seniors Teams Ch."]
[Site "Olympus"]
[Date "2011.05.05"]
[Round "3"]
[Board "3"]
[White "Van, Kemenade Rudy"]
[Black "Hohler, Peter"]
[Result "0-1"]
[WhiteElo "1941"]
[BlackElo "2157"]
[PlyCount "76"]
[EventDate "2011.05.03"]
[EventType "team"]
[EventRounds "9"]
[EventCountry "GRE"]
[WhiteTeam "Wales"]
[BlackTeam "Switzerland"]

1.e4 e5 2.Nf3 Nc6 3.Bb5 a6 4.Ba4 Nf6 5.O-O Be7 6.Re1 b5 7.Bb3 d6 8.c3 O-O 9.h3
Na5 10.Bc2 c5 11.d3 Nc6 12.Nbd2 Re8 13.Nf1 h6 14.a4 b4 15.g4 Nh7 16.Ng3 Ng5
17.Kg2 Nxf3 18.Qxf3 bxc3 19.bxc3 Rb8 20.Nf5 Bxf5 21.Qxf5 Bh4 22.Rb1 Rxb1 23.Bxb1
Ne7 24.Qf3 Ng6 25.Ba2 Bf6 26.Qd1 Bg5 27.Be3 Bf4 28.Qb3 Qf6 29.Kf1 Bxe3 30.Rxe3
Nf4 31.Rf3 Qe7 32.Qb6 h5 33.gxh5 Qg5 34.Rg3 Qxh5 35.Qb3 Qe2+ 36.Kg1 Qe1+ 37.Kh2
Qxf2+ 38.Rg2 Qxg2# 0-1

[Event "European Seniors Teams Ch."]
[Site "Olympus"]
[Date "2011.05.05"]
[Round "3"]
[Board "4"]
[White "Illi, Hans-Joerg"]
[Black "Hurn, Robert Aj"]
[Result "1-0"]
[WhiteElo "2141"]
[BlackElo "1823"]
[PlyCount "71"]
[EventDate "2011.05.03"]
[EventType "team"]
[EventRounds "9"]
[EventCountry "GRE"]
[WhiteTeam "Switzerland"]
[BlackTeam "Wales"]

1.d4 Nf6 2.Nf3 c5 3.c3 e6 4.Bg5 d5 5.e3 Nbd7 6.Nbd2 Be7 7.Bd3 b6 8.O-O Bb7 9.Qa4
O-O 10.Ne5 Nxe5 11.dxe5 Nd7 12.Qh4 h6 13.Bxe7 Qc7 14.Bxf8 Nxf8 15.Nf3 Ng6
16.Bxg6 fxg6 17.Qg4 Qf7 18.b4 Rf8 19.h4 Ba6 20.Rfd1 Be2 21.Rd2 Bc4 22.bxc5 bxc5
23.Rb1 a6 24.Rb6 Re8 25.Rdb2 Bd3 26.Rb7 Qf8 27.Qf4 Bf5 28.g4 c4 29.gxf5 exf5
30.Qd4 Kh7 31.Rd7 Re7 32.Rbb7 Rxd7 33.Rxd7 Kh8 34.Qxd5 Kh7 35.Qf7 Qxf7 36.Rxf7 1-0

[Event "European Seniors Teams Ch."]
[Site "Olympus"]
[Date "2011.05.05"]
[Round "3"]
[Board "1"]
[White "Pritchett, Craig W"]
[Black "Morant, Paul"]
[Result "1-0"]
[WhiteElo "2327"]
[BlackElo "2184"]
[PlyCount "41"]
[EventDate "2011.05.03"]
[EventType "team"]
[EventRounds "9"]
[EventCountry "GRE"]
[WhiteTeam "Scotland"]
[BlackTeam "Finland 2"]

1.Nf3 Nf6 2.c4 c5 3.Nc3 Nc6 4.d4 cxd4 5.Nxd4 g6 6.e4 Bg7 7.Be3 d6 8.Be2 O-O
9.Qd2 Ng4 10.Bxg4 Bxg4 11.O-O Rc8 12.b3 a6 13.Rac1 Bd7 14.Rfd1 Re8 15.Nd5 Ne5
16.f3 e6 17.Nc3 Qa5 18.a4 Rb8 19.h3 Red8 20.Bh6 Bh8 21.Nd5 1-0

[Event "European Seniors Teams Ch."]
[Site "Olympus"]
[Date "2011.05.05"]
[Round "3"]
[Board "2"]
[White "Saren, Ilkka J"]
[Black "Jamieson, Peter M"]
[Result "1/2-1/2"]
[WhiteElo "2190"]
[BlackElo "2277"]
[PlyCount "122"]
[EventDate "2011.05.03"]
[EventType "team"]
[EventRounds "9"]
[EventCountry "GRE"]
[WhiteTeam "Finland 2"]
[BlackTeam "Scotland"]

1.e4 g6 2.d4 Bg7 3.Nc3 d6 4.h3 c6 5.a4 Nf6 6.Nf3 O-O 7.Be2 a5 8.O-O Nbd7 9.Re1
e5 10.dxe5 dxe5 11.Be3 Qe7 12.Nd2 Nc5 13.Bc4 Ne6 14.Bxe6 Bxe6 15.Qc1 Nd7 16.Nf1
Rfd8 17.f3 Nc5 18.Bg5 Bf6 19.Bxf6 Qxf6 20.Qe3 b6 21.b3 Bc8 22.Red1 Ba6 23.Rxd8+
Rxd8 24.Rd1 Rd4 25.Rd2 Qd8 26.Ne2 Rxd2 27.Nxd2 Bxe2 28.Qxe2 Ne6 29.Kf1 b5 30.Qd3
Qg5 31.g4 Nf4 32.Qe3 Qh4 33.Qf2 Qxh3+ 34.Ke1 Qh1+ 35.Qf1 Qh4+ 36.Qf2 Qe7 37.axb5
cxb5 38.Qb6 Qh4+ 39.Qf2 Qd8 40.Qc5 Qb8 41.Kd1 Ne6 42.Qd5 Qc7 43.Qxb5 Qxc2+
44.Kxc2 Nd4+ 45.Kd3 Nxb5 46.Nc4 f6 47.Nxa5 h5 48.gxh5 gxh5 49.Nc4 h4 50.Ne3 Kf7
51.b4 h3 52.Ng4 Ke6 53.Nh2 f5 54.Kc2 Kf6 55.Kd2 fxe4 56.fxe4 Kg5 57.Ke3 Nd6
58.Kf3 Kh4 59.Nf1 Nb5 60.Nh2 Nd6 61.Nf1 Nb5 1/2-1/2

[Event "European Seniors Teams Ch."]
[Site "Olympus"]
[Date "2011.05.05"]
[Round "3"]
[Board "3"]
[White "Borwell, Alan P"]
[Black "Lyly, Seppo"]
[Result "1/2-1/2"]
[WhiteElo "2056"]
[BlackElo "1966"]
[PlyCount "64"]
[EventDate "2011.05.03"]
[EventType "team"]
[EventRounds "9"]
[EventCountry "GRE"]
[WhiteTeam "Scotland"]
[BlackTeam "Finland 2"]

1.e4 e5 2.Nf3 Nc6 3.Bb5 a6 4.Ba4 Nf6 5.O-O Be7 6.Qe2 b5 7.Bb3 O-O 8.c3 d6 9.h3
Na5 10.Bc2 c5 11.d4 Nc6 12.Be3 Qc7 13.d5 Nb8 14.Nbd2 Nbd7 15.Nh4 Nb6 16.f4 exf4
17.Bxf4 Re8 18.Qf3 Bf8 19.g4 Bb7 20.g5 Nfd7 21.Rf2 Ne5 22.Qg3 Nbd7 23.Raf1 g6
24.Nhf3 Bg7 25.Nh2 Rf8 26.Bd1 c4 27.Be2 Rae8 28.Ng4 Qd8 29.Be3 Nxg4 30.Bxg4 Ne5
31.Be2 Bc8 32.Kg2 Qe7 1/2-1/2

[Event "European Seniors Teams Ch."]
[Site "Olympus"]
[Date "2011.05.05"]
[Round "3"]
[Board "4"]
[White "Koskinen, Veikko"]
[Black "Mckerracher, Douglas"]
[Result "0-1"]
[WhiteElo "1988"]
[BlackElo "1945"]
[PlyCount "84"]
[EventDate "2011.05.03"]
[EventType "team"]
[EventRounds "9"]
[EventCountry "GRE"]
[WhiteTeam "Finland 2"]
[BlackTeam "Scotland"]

1.e4 d5 2.exd5 Qxd5 3.Nc3 Qa5 4.Bc4 Nf6 5.d3 c6 6.Bd2 Qc7 7.h3 Bf5 8.Nf3 e6
9.Qe2 Be7 10.O-O Nbd7 11.Rfe1 O-O 12.Nd4 Bc5 13.Nxf5 exf5 14.Qf3 g6 15.Bb3 Rfe8
16.Bg5 Kg7 17.Na4 Bd6 18.Bxf6+ Nxf6 19.Nc3 Bb4 20.Rxe8 Rxe8 21.Rd1 Qe7 22.Nb1
Bd6 23.g3 h5 24.Nd2 h4 25.Nf1 hxg3 26.fxg3 Rh8 27.Kg2 Nh5 28.Qe3 Qf6 29.Qf3 Qg5
30.h4 Qh6 31.d4 Nf6 32.Re1 f4 33.Nh2 fxg3 34.Ng4 Qxh4 35.Qxf6+ Qxf6 36.Nxf6 Kxf6
37.Rf1+ Kg5 38.Rxf7 Rh2+ 39.Kf1 Bf4 40.Re7 Kg4 41.Bc4 g2+ 42.Kg1 Kg3 0-1

[Event "European Seniors Teams Ch."]
[Site "Olympus"]
[Date "2011.05.05"]
[Round "3"]
[Board "1"]
[White "Pekun, Cem"]
[Black "Byway, Paul V"]
[Result "0-1"]
[WhiteElo "2151"]
[BlackElo "2162"]
[PlyCount "64"]
[EventDate "2011.05.03"]
[EventType "team"]
[EventRounds "9"]
[EventCountry "GRE"]
[WhiteTeam "Turkey"]
[BlackTeam "England 1"]

1.e4 c5 2.Nf3 e6 3.d4 cxd4 4.Nxd4 Nf6 5.Nc3 Nc6 6.Ndb5 Bb4 7.a3 Bxc3+ 8.Nxc3 d5
9.Bd3 d4 10.Ne2 e5 11.O-O O-O 12.f4 exf4 13.Bxf4 Ng4 14.Qd2 Nge5 15.Bg3 Be6
16.b3 f6 17.h3 a6 18.Bf2 Bxh3 19.Nf4 Bg4 20.Be2 Qd7 21.Rad1 Rad8 22.Nd5 Qd6
23.Bxg4 Nxg4 24.Qf4 Qxf4 25.Nxf4 Rfe8 26.Rfe1 Kf7 27.g3 Nxf2 28.Kxf2 Re5 29.Nd3
Re7 30.Nf4 Rde8 31.Kf3 f5 32.Nd5 fxe4+ 0-1

[Event "European Seniors Teams Ch."]
[Site "Olympus"]
[Date "2011.05.05"]
[Round "3"]
[Board "2"]
[White "James, Geoffrey H"]
[Black "Muratoglu, Salih"]
[Result "0-1"]
[WhiteElo "2207"]
[BlackElo "2068"]
[PlyCount "120"]
[EventDate "2011.05.03"]
[EventType "team"]
[EventRounds "9"]
[EventCountry "GRE"]
[WhiteTeam "England 1"]
[BlackTeam "Turkey"]

1.e4 d6 2.d4 g6 3.Nc3 Nf6 4.Be3 Bg7 5.f3 Nc6 6.Qd2 e5 7.d5 Ne7 8.O-O-O a6 9.Bh6
Bxh6 10.Qxh6 Nh5 11.Nge2 f5 12.exf5 Nxf5 13.Qd2 Nf6 14.Ng3 Nd4 15.Nce4 Nxe4
16.Nxe4 Qe7 17.c3 Nf5 18.Bd3 Bd7 19.Qf2 Rf8 20.h4 Ng7 21.Ng5 Nh5 22.Be4 Nf6
23.Qe3 Nxe4 24.Nxe4 b6 25.Qh6 O-O-O 26.Ng5 Rh8 27.h5 Kb7 28.Ne4 Bf5 29.g4 Bxe4
30.fxe4 gxh5 31.Qxh5 Rdg8 32.Rdg1 Rg5 33.Qh4 Qg7 34.Qh6 Rg8 35.Kc2 Rxg4 36.Qxg7
R8xg7 37.Rxg4 Rxg4 38.Kd3 Rg3+ 39.Kc2 Rg2+ 40.Kb3 Rg4 41.Re1 h5 42.a4 h4 43.Kc4
Rg3 44.b4 h3 45.Re2 Rg2 46.Re3 h2 47.Rh3 Rd2 48.Rh8 c5 49.Rh7+ Kc8 50.bxc5 bxc5
51.Kb3 Kd8 52.c4 Ke8 53.Kc3 Rg2 54.Kd3 Kf8 55.a5 Kg8 56.Rh4 Kg7 57.Ke3 Kg6
58.Rh8 Rc2 59.Kd3 Ra2 60.Ke3 Rxa5 0-1

[Event "European Seniors Teams Ch."]
[Site "Olympus"]
[Date "2011.05.05"]
[Round "3"]
[Board "3"]
[White "Ozbilen, Hayri"]
[Black "Norman, Kenneth I"]
[Result "1-0"]
[WhiteElo "2059"]
[BlackElo "2188"]
[PlyCount "95"]
[EventDate "2011.05.03"]
[EventType "team"]
[EventRounds "9"]
[EventCountry "GRE"]
[WhiteTeam "Turkey"]
[BlackTeam "England 1"]

1.e4 e5 2.Nf3 Nc6 3.Bb5 a6 4.Ba4 d6 5.d4 b5 6.Bb3 Nxd4 7.Nxd4 exd4 8.Bd5 Rb8
9.Bc6+ Bd7 10.Bxd7+ Qxd7 11.Qxd4 Nf6 12.O-O Be7 13.Nc3 O-O 14.Ne2 Rfe8 15.Ng3
Bf8 16.Bg5 Re6 17.Rad1 Qc6 18.Bxf6 Rxf6 19.c3 Re6 20.Rfe1 g6 21.Qd5 Qb6 22.Qg5
Bg7 23.Re2 Rbe8 24.Rde1 Qb7 25.f3 h6 26.Qd2 h5 27.Nf1 Qb6+ 28.Kh1 Qc6 29.Qd3
R8e7 30.Ne3 Re8 31.Nd5 Qb7 32.g3 Bh6 33.Qd4 Bg7 34.Qd3 Bh6 35.Qd4 Bg7 36.Qd2 c6
37.Nb4 a5 38.Nc2 c5 39.Ne3 Bh6 40.Qd5 Qe7 41.Nd1 Re5 42.Qc6 c4 43.Qb6 a4 44.Nf2
Rc5 45.Rd1 d5 46.Rde1 Rec8 47.exd5 Qd7 48.Ne4 1-0

[Event "European Seniors Teams Ch."]
[Site "Olympus"]
[Date "2011.05.05"]
[Round "3"]
[Board "4"]
[White "Singleton, Michael P F"]
[Black "Bapoglu, Ibrahim"]
[Result "1-0"]
[WhiteElo "2162"]
[BlackElo "1828"]
[PlyCount "59"]
[EventDate "2011.05.03"]
[EventType "team"]
[EventRounds "9"]
[EventCountry "GRE"]
[WhiteTeam "England 1"]
[BlackTeam "Turkey"]

1.d4 Nf6 2.c4 e6 3.Nc3 Bb4 4.e3 c5 5.Nge2 d5 6.a3 Bxc3+ 7.Nxc3 cxd4 8.exd4 O-O
9.Be3 b6 10.Qf3 Bb7 11.Bd3 Nbd7 12.Qh3 Ne4 13.f3 Nef6 14.O-O Ba6 15.b3 Rc8
16.Nb5 Bxb5 17.cxb5 Rc3 18.Rad1 Qc7 19.Rc1 Rc8 20.Rxc3 Qxc3 21.Rc1 Qxd3 22.Rxc8+
Nf8 23.Kf2 Qxb3 24.g4 Qb2+ 25.Kg1 Qxa3 26.Bf2 h6 27.Qg3 Kh7 28.h4 Ng6 29.Kg2 Qb2
30.h5 {40 moves} 1-0

[Event "European Seniors Teams Ch."]
[Site "Olympus"]
[Date "2011.05.05"]
[Round "3"]
[Board "2"]
[White "Tsomis, Dimitrios"]
[Black "Kratschmer, Heinz"]
[Result "1/2-1/2"]
[WhiteElo "2187"]
[BlackElo "2177"]
[PlyCount "32"]
[EventDate "2011.05.03"]
[EventType "team"]
[EventRounds "9"]
[EventCountry "GRE"]
[WhiteTeam "Greece"]
[BlackTeam "Steiermark, Austria"]

1.e4 c5 2.Nf3 g6 3.c3 Bg7 4.d4 cxd4 5.cxd4 d5 6.e5 Bg4 7.Bb5+ Nc6 8.Nc3 Nh6 9.h3
Bxf3 10.Qxf3 O-O 11.Bxc6 bxc6 12.Bxh6 Bxh6 13.Qd3 f6 14.exf6 exf6 15.O-O Re8
16.Rfe1 Qb6 1/2-1/2

[Event "European Seniors Teams Ch."]
[Site "Olympus"]
[Date "2011.05.05"]
[Round "3"]
[Board "3"]
[White "Nickl, Klaus"]
[Black "Aftsoglou, Ioannis"]
[Result "0-1"]
[WhiteElo "2149"]
[BlackElo "2168"]
[PlyCount "82"]
[EventDate "2011.05.03"]
[EventType "team"]
[EventRounds "9"]
[EventCountry "GRE"]
[WhiteTeam "Steiermark, Austria"]
[BlackTeam "Greece"]

1.d4 Nf6 2.Bg5 d6 3.Bxf6 gxf6 4.e3 c6 5.c4 Qb6 6.Qc2 Nd7 7.Nc3 e6 8.Nf3 f5 9.g3
Nf6 10.Bd3 Bd7 11.b4 Qxb4 12.Rb1 Qa5 13.Rxb7 c5 14.Ke2 Bc6 15.Rb2 cxd4 16.exd4
Bg7 17.Rhb1 O-O 18.Nd2 f4 19.g4 Nxg4 20.Bxh7+ Kh8 21.Be4 Bxe4 22.Ncxe4 Qh5 23.f3
Qxh2+ 24.Kd3 Ne3 25.Qc1 Qh7 26.Qh1 Bh6 27.Ke2 Nf5 28.d5 exd5 29.cxd5 Rae8 30.Kf2
Qg7 31.Rb4 Ng3 32.Qh4 f5 33.Rb7 Qg6 34.Nc3 Kg8 35.R1b4 Bg5 36.Qh3 Bf6 37.Ndb1
Rc8 38.Rb3 Rfe8 39.Rd7 Bd4+ 40.Kg2 Nh5+ 41.Kf1 Qg1# 0-1

[Event "European Seniors Teams Ch."]
[Site "Olympus"]
[Date "2011.05.05"]
[Round "3"]
[Board "4"]
[White "Efkarpidis, Stylianos"]
[Black "Pitzl, Konstantinos"]
[Result "0-1"]
[WhiteElo "1600"]
[BlackElo "2095"]
[PlyCount "34"]
[EventDate "2011.05.03"]
[EventType "team"]
[EventRounds "9"]
[EventCountry "GRE"]
[WhiteTeam "Greece"]
[BlackTeam "Steiermark, Austria"]

1.e4 d6 2.d4 Nf6 3.Bd3 g6 4.h3 Bg7 5.c3 O-O 6.Nf3 Nbd7 7.Be3 e5 8.Nbd2 c6 9.O-O
Re8 10.Qb3 d5 11.dxe5 Nxe5 12.Nxe5 Rxe5 13.Bf4 Re8 14.Rfe1 Nh5 15.Bh2 dxe4
16.Bc4 Be6 17.Bxe6 Rxe6 {47 moves} 0-1